| 000 | 00443nam a22001577a 4500 | ||
|---|---|---|---|
| 008 | 250324b |||||||| |||| 00| 0 eng d | ||
| 020 | _a9780323551519 | ||
| 050 |
_aRT41 _b.H23 |
||
| 100 | _aHarding Mariam M. | ||
| 245 | _aLewis's medical surgical nursing assesment and management of clinical problems | ||
| 250 | _a11th | ||
| 260 |
_aMissouri _bElsevier _c2020 |
||
| 300 | _axxiii,1636p | ||
| 650 |
_aNursing _vSurgical Nursing |
||
| 942 | _cBK | ||
| 999 |
_c2608 _d2608 |
||